Loading...
| Philosophy | 1 | 4 | 0 | 1 | 55 | 60 | 93.00 | 5 | 5 |
| Fine Arts - Other Fine Arts | 2 | 2 | 0 | 0 | 50 | 56 | 78.75 | 4 | 4 |
| Literature - World Literature | 3 | 0 | 0 | 0 | 45 | 31 | 46.33 | 3 | 3 |
| Science - Physics | 2 | 1 | 0 | 0 | 40 | 58 | 63.33 | 2 | 3 |
| Science - Other Science | 2 | 1 | 0 | 0 | 40 | 34 | 57.00 | 2 | 3 |
| Literature - European Literature | 1 | 2 | 0 | 1 | 35 | 74 | 91.00 | 3 | 3 |
| Literature - British Literature | 1 | 2 | 2 | 1 | 25 | 40 | 83.67 | 1 | 3 |
| Science - Biology | 1 | 1 | 0 | 1 | 25 | 58 | 96.00 | 2 | 2 |
| Science - Chemistry | 1 | 1 | 0 | 0 | 25 | 38 | 56.00 | 2 | 2 |
| Literature - American Literature | 1 | 0 | 0 | 0 | 15 | 80 | 80.00 | 0 | 1 |
| History - European History | 1 | 0 | 0 | 0 | 15 | 37 | 37.00 | 1 | 1 |
| Fine Arts - Visual Fine Arts | 0 | 1 | 0 | 1 | 10 | 95 | 95.00 | 1 | 1 |
| History - American History | 0 | 0 | 1 | 0 | -5 | 0.00 | 0 | 0 |